Trajes de Guatemala (Record no. 9775)

MARC details
000 -CABECERA
campo de control de longitud fija 00714nam a2200241 a 4500
001 - NÚMERO DE CONTROL
campo de control BRL_963
005 - FECHA Y HORA DE LA ÚLTIMA TRANSACCIÓN
campo de control 20190320210955.0
008 - DATOS DE LONGITUD FIJA--INFORMACIÓN GENERAL
campo de control de longitud fija 291013s1952----gt-a######---#000-0#spa-#
041 ## - CÓDIGO DE LENGUA
Código de lengua del texto/banda sonora o título independiente spaeng
044 ## - CÓDIGO DEL PAÍS DE LA ENTIDAD EDITORA/PRODUCTORA
Código MARC del país gt
050 #4 - SIGNATURA TOPOGRÁFICA DE LA BIBLIOTECA DEL CONGRESO
Número de clasificación GT639
Número de documento/Ítem .C76 1952
100 1# - ENTRADA PRINCIPAL--NOMBRE DE PERSONA
Nombre de persona Crocken, Frederick
9 (RLIN) 25457
245 10 - MENCIÓN DE TÍTULO
Título Trajes de Guatemala
Mención de responsabilidad, etc. Frederick Crocken.
260 ## - PUBLICACIÓN, DISTRIBUCIÓN, ETC.
Lugar de publicación, distribución, etc. Guatemala
Nombre del editor, distribuidor, etc. Lito. B. Zadik : Cía. Guatemala
Fecha de publicación, distribución, etc. [1952]
300 ## - DESCRIPCIÓN FÍSICA
Extensión v.
Otras características físicas il., láminas
Dimensiones 45 cm.
500 ## - NOTA GENERAL
Nota general t.1 Au2355
500 ## - NOTA GENERAL
Nota general Texto en: español e inglés
500 ## - NOTA GENERAL
Nota general La biblioteca solamente cuenta con el tomo 1.
650 14 - PUNTO DE ACCESO ADICIONAL DE MATERIA--TÉRMINO DE MATERIA
Término de materia o nombre geográfico como elemento de entrada Prendas de vestir
Subdivisión geográfica Guatemala
9 (RLIN) 25458
650 14 - PUNTO DE ACCESO ADICIONAL DE MATERIA--TÉRMINO DE MATERIA
Término de materia o nombre geográfico como elemento de entrada Indumentaria
Subdivisión geográfica Guatemala
9 (RLIN) 25459
902 ## - CATALOGADOR
Iniciales GRL
942 ## - ELEMENTOS DE PUNTO DE ACCESO ADICIONAL (KOHA)
Fuente del sistema de clasificación o colocación Library of Congress Classification
Tipo de ítem Koha Libros
Holdings
Estado de retiro Estado de pérdida Estado dañado No para préstamo Localización permanente Ubicación/localización actual Fecha de adquisición Número de inventario Total de préstamos Signatura topográfica completa Código de barras Fecha visto por última vez Precio válido a partir de Tipo de ítem Koha
El ejemplar forma parte de la colección y puede ser consultado según las políticas vigentes.       Biblioteca Centro de Estudios Ruth D. Lechuga Biblioteca Centro de Estudios Ruth D. Lechuga 29/10/2013 t.1 Au2355   GT639 .C76 1952 (t.1 Au2355) GRL01040 22/03/2019 22/03/2019 Libros